[Event "S10 a S14"]
[Site "Cambrils"]
[Date "2023.04.03"]
[Round "4.7"]
[White "Escobar Pavlik, Luka"]
[Black "Perez Monakhov, Andres"]
[Result "0-1"]
[TimeControl "90'+30\""]
[WhiteElo "1189"]
[BlackElo "1502"]

1. d4 {[%clk 01:30:57]} {[%emt 00:00:03]} d5 {[%clk 01:30:49]} {[%emt
00:00:11]} 2. c4 {[%clk 01:31:18]} {[%emt 00:00:09]} Nc6 {[%clk 01:31:09]}
{[%emt 00:00:10]} 3. Nf3 {[%clk 01:31:19]} {[%emt 00:00:28]} Bg4 {[%clk
01:31:28]} {[%emt 00:00:11]} 4. Bf4 {[%clk 01:30:08]} {[%emt 00:01:41]} Nf6
{[%clk 01:30:55]} {[%emt 00:01:04]} 5. Nc3 {[%clk 01:29:14]} {[%emt 00:01:23]}
e6 {[%clk 01:29:30]} {[%emt 00:01:56]} 6. e3 {[%clk 01:26:12]} {[%emt
00:03:32]} Bd6 {[%clk 01:22:21]} {[%emt 00:07:39]} 7. Bxd6 {[%clk 01:26:14]}
{[%emt 00:00:28]} Qxd6 {[%emt 00:04:05]} 8. cxd5 {[%clk 01:23:07]} {[%emt
00:00:09]} Nxd5 {[%clk 01:20:18]} {[%emt 00:02:26]} 9. Be2 {[%clk 01:20:37]}
{[%emt 00:03:00]} O-O {[%clk 01:17:59]} {[%emt 00:02:49]} 10. O-O {[%clk
01:18:59]} {[%emt 00:02:05]} Rfe8 {[%emt 00:11:42]} 11. Qb3 {[%clk 01:13:19]}
{[%emt 00:00:56]} Nf6 {[%clk 01:10:13]} {[%emt 00:02:19]} 12. h3 {[%clk
01:11:58]} {[%emt 00:01:52]} Bh5 {[%clk 01:09:58]} {[%emt 00:00:44]} 13. Rfd1
{[%clk 01:10:39]} {[%emt 00:01:50]} Bg6 {[%clk 01:06:49]} {[%emt 00:03:39]} 14.
Bd3 {[%clk 01:07:29]} {[%emt 00:03:41]} Bxd3 {[%clk 01:06:51]} {[%emt
00:00:28]} 15. Rxd3 {[%clk 01:07:44]} {[%emt 00:00:14]} Rad8 {[%clk 01:04:45]}
{[%emt 00:02:36]} 16. Rad1 {[%clk 01:05:51]} {[%emt 00:02:22]} a6 {[%emt
00:08:31]} 17. e4 {[%clk 01:02:34]} Na5 {[%clk 00:50:41]} {[%emt 00:10:21]} 18.
Qc2 {[%clk 00:59:28]} {[%emt 00:03:35]} Qe7 {[%clk 00:48:54]} {[%emt 00:02:17]}
19. a3 {[%clk 00:57:01]} {[%emt 00:02:58]} Nh5 {[%clk 00:47:29]} {[%emt
00:01:53]} 20. b4 {[%clk 00:56:15]} {[%emt 00:01:17]} Nc4 {[%clk 00:47:33]}
{[%emt 00:00:26]} 21. Qb3 {[%emt 00:02:12]} b5 {[%clk 00:47:02]} {[%emt
00:00:13]} 22. Nd2 {[%clk 00:48:23]} {[%emt 00:07:27]} Nf4 {[%clk 00:45:38]}
{[%emt 00:01:54]} 23. Nxc4 {[%clk 00:48:20]} {[%emt 00:00:34]} bxc4 {[%clk
00:44:50]} {[%emt 00:01:19]} 24. Qxc4 {[%clk 00:48:42]} {[%emt 00:00:09]} Nxd3
{[%clk 00:45:06]} {[%emt 00:00:13]} 25. Rxd3 {[%clk 00:48:53]} {[%emt
00:00:19]} Qd6 {[%clk 00:44:13]} {[%emt 00:01:23]} 26. Na4 {[%clk 00:48:38]}
{[%emt 00:00:45]} e5 {[%clk 00:43:46]} {[%emt 00:00:57]} 27. Nc5 {[%clk
00:48:31]} {[%emt 00:00:37]} Ra8 {[%clk 00:39:54]} {[%emt 00:04:21]} 28. Rf3
{[%emt 00:02:40]} Re7 {[%clk 00:37:25]} {[%emt 00:01:59]} 29. d5 {[%clk
00:45:55]} {[%emt 00:01:57]} c6 {[%clk 00:36:39]} {[%emt 00:01:17]} 30. Rb3
{[%clk 00:40:49]} {[%emt 00:05:35]} h6 {[%clk 00:36:02]} {[%emt 00:01:07]} 31.
Rd3 {[%emt 00:06:02]} Raa7 {[%clk 00:29:23]} {[%emt 00:02:42]} 32. Qb3 {[%clk
00:39:06]} {[%emt 00:01:09]} a5 {[%clk 00:28:21]} {[%emt 00:01:32]} 33. dxc6
{[%clk 00:38:05]} {[%emt 00:01:30]} Qxc6 {[%clk 00:28:15]} {[%emt 00:00:36]} 34.
Rg3 {[%clk 00:36:44]} {[%emt 00:01:51]} Rac7 {[%clk 00:27:30]} {[%emt
00:01:13]} 35. Qe3 {[%clk 00:36:40]} {[%emt 00:00:36]} axb4 {[%clk 00:27:01]}
{[%emt 00:00:59]} 36. axb4 {[%clk 00:36:57]} {[%emt 00:00:14]} Ra7 {[%clk
00:27:00]} {[%emt 00:00:29]} 37. b5 {[%emt 00:02:12]} Qd6 {[%clk 00:26:03]}
{[%emt 00:00:11]} 38. Qc3 {[%clk 00:35:50]} {[%emt 00:01:11]} Rac7 {[%clk
00:25:23]} {[%emt 00:01:11]} 39. Nb7 {[%clk 00:35:38]} {[%emt 00:00:41]} Qd1+
{[%emt 00:00:56]} 0-1